000 00564nmm a2200169Ia 4500
008 251105s9999||||xx |||||||||||||||||und||
020 _a9788433964670
041 _aspa
100 _aBartra, Roger
245 0 _aMelancolía y cultura :
_b Las enfermedades del alma en la España del Siglo de Oro
264 _a[Madrid, España] :
_bEditorial Anagrama,
_c[Fecha de publicación no identificada]
300 _a0 páginas
490 _aArgumentos
650 _aSocial Sciences (General)
856 _uhttps://public.digitaliapublishing.com/a/80182
942 _cCF
999 _c81838
_d81838